Obálka Náhled e-knihy:
PDF Epub
Pro půjčování e-knih musíte být přihlášeni.
Jak si půjčit online?

Zamilovaná /

Uloženo v:
Hlavní autor: Varáčková, Miroslava, 1981- (Autor)
Médium: E-kniha
Jazyk:Slovak
Vydáno: Bratislava : Albatros, 2022
Vydání:Prvé slovenské vydanie
Témata:
Tagy:
Žádné tagy
LEADER 01293nam a2200313 i 4500
001 311470
003 CZ PrSKC
005 20260601215706.0
007 ta
008 230103s2022 xo |||||||||||||| ||slo||
020 |a 9788056624678  |q (brožováno) 
040 |a BRG001  |b cze  |e rda 
100 1 |a Varáčková, Miroslava,  |d 1981-  |7 xx0201273  |4 aut 
245 1 0 |a Zamilovaná /  |c Miroslava Varáčková 
250 |a Prvé slovenské vydanie 
264 1 |a Bratislava :  |b Albatros,  |c 2022 
300 |a 215 stran ;  |c 19 cm 
336 |a text  |b txt  |2 rdacontent 
337 |a bez média  |b n  |2 rdamedia 
338 |a svazek  |b nc  |2 rdacarrier 
650 7 |a slovenská literatura  |7 ph125661  |2 czenas 
650 7 |a literatura pro dívky  |7 ph122375  |2 czenas 
653 0 |a text ve slovenštině 
655 7 |a romány  |7 fd133289  |2 czenas 
900 |a BRG001  |b 14 
044 |a xr 
910 |a RBIT002 
998 |d 340342  |a https://core.palmknihy.cz/api/books/340342/cover?si8gu7  |b https://core.palmknihy.cz/api/books/340342/cover/400?si8gu7  |c https://core.palmknihy.cz/api/books/340342/cover/50?si8gu7  |e 2032-12-31  |g 224  |i 9788056624678  |j https://core.palmknihy.cz/api/books/340342/preview.epub  |k https://core.palmknihy.cz/api/books/340342/preview.pdf  |l   |q 49  |r 1  |s https://www.palmknihy.cz/kniha/340342  |t ebook  |y 2021  |z 0 
999 |d 311468